| 000 | 00698nam a22002177a 4500 | ||
|---|---|---|---|
| 999 |
_c16721 _d16721 |
||
| 003 | AR-CdUCM | ||
| 008 | 190504b ||||| |||| 00| 0 spa d | ||
| 040 |
_aMUNICIPALIDAD PROVINCIAL DEL CUSCO _cBIBLIOTECA MUNICIPAL DEL CUSCO |
||
| 082 |
_a190 / _bR92 / 1946 |
||
| 100 |
_aRuggiero, Guido de _936321 |
||
| 245 |
_aLa filosofía contemporánea : _bAlemania - Francia - Inglaterra - America - Italia / |
||
| 260 |
_aBuenos Aires : _bAtalaya, _c1946 |
||
| 300 |
_a431 paginas ; _c24 cm. |
||
| 500 | _aFilosofia | ||
| 650 |
_aFilosofia _9395 |
||
| 650 |
_aContemporanea _9585 |
||
| 650 |
_aHistoria _9136 |
||
| 700 |
_aLunazzi, Jose M. _936322 |
||
| 942 |
_2ddc _cLIBROS |
||
| 945 |
_apjha _d2019-05-04 |
||